| 000 | 00550nam a2200181Ia 4500 | ||
|---|---|---|---|
| 001 | 11920 | ||
| 005 | 20260306162903.0 | ||
| 008 | 260306t2020||||xx |||||||||||||| ||spa|| | ||
| 041 | _aESP | ||
| 082 |
_aHR 306.8 _bV. 5 2020 PF |
||
| 110 | _aUniversidad Católica San Pablo | ||
| 245 | 0 |
_aPerspectiva de familia: _brevista de investigación del Instituto para el Matrimonio y la Familia de la Universidad Católica San Pablo |
|
| 260 | _c2020 | ||
| 300 |
_a142 páginas : _c23 cm. |
||
| 650 | _aGEN | ||
| 654 | _aCED | ||
| 942 |
_cREV _dJUS _fJUS _2ddc _n |
||
| 999 |
_c11920 _d11920 |
||